100 Video Games by Protagonist - Statistics

General Stats
  • This quiz has been taken 131 times
  • The average score is 30 of 100
Answer Stats
Nr Protagonists Game % Correct
1 Steve Minecraft
93%
8 Kratos God of War
90%
2 Bulbasaur/Squirtle/Charmander Pokemon
89%
6 Plumber from Mushroom Kingdom Mario
84%
60 Peter Parker/Miles Morales Spiderman
81%
21 Link The Legend of Zelda
79%
40 Lara Croft Tomb Raider
79%
44 Bruce Wayne Batman
77%
20 John Marston/Arthur Morgan Red Dead Redemption
75%
12 Joel Miller/Ellie Williams The Last of Us
73%
23 Nathan Drake Uncharted
72%
35 Buzz Lightyear Toy Story
69%
47 Agent 47 Hitman
66%
41 Big Boss/Venom Snake/Solid Snake Metal Gear
65%
9 Geralt of Rivia The Witcher
65%
4 Gordon Freeman Half Life
63%
90 Patrick Star/Sandy Cheeks/Larry the Lobster/Plankton SpongeBob SquarePants
61%
57 Simon "Ghost" Riley/ Alex Mason/Frank Woods Call of Duty
60%
67 Johnny Cage/Sub-Zero/Scorpion Mortal Kombat
60%
93 Master Chief Petty Officer John-117 Halo
58%
18 Jill Valentine/Chris Redfield Resident Evil
57%
32 Cloud Strife Final Fantasy
55%
70 Ryu Street Fighter
54%
94 Goku/Krillin/Yamcha Dragon Ball
53%
27 Dante Devil May Cry
51%
10 Connor, Marcus & Kara Detroit: Become Human
43%
45 The Last Dragonborn/The Nerevarine The Elder Scrolls
41%
50 V (Vincent or Valerie) Cyberpunk
40%
48 Aloy The Nora Brave Seeker Horizon
39%
100 Carl Johnson GTA
38%
43 Desmond Miles Assassin's Creed
35%
49 Zer0/CLAPTRAP/Handsome Jack Borderlands
35%
11 Kazuya Mishima/Jim Kazama Tekken
35%
5 Chosen Undead Dark Souls
34%
38 Frisk (called also: Human, Kid) Undertale
33%
36 B.J. Blazkowicz Wolfenstein
33%
69 Commander Shepard Mass Effect
32%
56 Lee Everett, Clementine & more.. The Walking Dead
32%
17 Tommy Angelo Mafia
31%
29 Jin Sakai Ghost of Tsushima
30%
19 Max Caufield Life is Strange
30%
97 prisoners: Leo and Vincent A Way Out
29%
25 Rico Rodriguez Just Cause
29%
26 inspector for the Ministryof Admission of Arstotzka Papers, Please
29%
83 Sam Fisher Tom Clancy's Splinter Cell
29%
78 Trevor Belmont/Alucard/Soma Cruz Castlevania
27%
55 Artyom born before the nuclear war Metro
27%
30 Isaac/Judas/Samson The Binding of Isaac
25%
58 Aiden Pearce (The Vigilante/The Fox) Watch Dogs
25%
39 Detective Cole Phelps L.A. Noire
24%
80 Jack Carver/Dani Rojas/ Jason Brody/Deputy Far Cry
22%
61 Kyle Crane Dying Light
21%
13 Jimmy Hopkins Bully
20%
16 Big Bad Wolf The Wolf Among Us
20%
42 Ashley Brown, Emily Davis, Jessica Riley,Joshua Washington, Christopher Hartley, Matthew Taylor, Michael Munroe, Samantha Giddings Until Dawn
20%
88 Wander (young boy, whowanted to ressurect girl) Shadow of the Colossus
19%
52 Corvo Attano Dishonored
18%
3 Dude Postal
18%
63 Alex Hunter FIFA
17%
22 Ethan Mars, Madison Paige, Norman Jayden & Scott Shelby Heavy Rain
17%
14 Harry Mason Silent Hill
15%
28 'Douchebag' The New Kid South Park
15%
72 Private Preston Marlowe/Daniel Recker/Henry Blackburn Battlefield
14%
34 Deacon Lee Saint John Days Gone
14%
51 Faith Connors Mirror's Edge
14%
99 Yu Narukami/Ren Amamiya/Makoto Yuki Persona
14%
86 (Titular Character), Globox, the Teensies & Barbara Rayman
13%
95 Alexander J. "Alex" Mercer Prototype
12%
54 Guy Montag Fahrenheit
11%
74 The Hero of Oakvale Fable
9%
98 Max Rockatansky Mad Max
9%
7 Miles Upshur Outlast
9%
96 Jesse Faden Control
8%
73 Aidan (son of the king Loeric) Diablo
8%
64 Sebastian Castellanos The Evil Within
8%
62 Amicia De Rune A Plague Tale
7%
46 Jodie Holmes Beyond: Two Souls
7%
92 Lieutenant James "Jimmy" Patterson Medal of Honor
7%
65 Karl Fairburne Sniper Elite
7%
71 The Warden/Hawke/The Inquisitor Dragon Age
6%
75 The Wolf/The Rat/The Caliph/Richard the Lionheart Stronghold
6%
24 Reynauld The Crusader & Dismas The Highwayman Darkest Dungeon
5%
15 Nameless Gothic
5%
66 Lucius Wagner Lucius
5%
31 Kate Walker Syberia
5%
84 Jack Cooper Titanfall
5%
79 Jake Dunn (also known as Nomad) Crysis
4%
81 James Earl Cash Manhunt
4%
37 Yurny Unravel
4%
77 George Stobbart & Nicole "Nico" Collard Broken Sword
3%
85 soldiers: Bradley, Foley, Connors and Jones Conflict Desert Storm
3%
76 Oddball & Domino Dalmatians
3%
87 The Last Spirit Monk Jade Empire
3%
53 Cpt/Col. Jan Templar/ Sgt. Tomas "Sev" Sevchenko Killzone
3%
82 Oliver (called also: Cry Baby Bunting) Ni no Kuni
3%
59 Nilin Cartier-Wells Remember Me
2%
91 Bruno, Katia & Pavle This War of Mine
2%
33 Isaac Clarke Dead Speace
1%
89 Lieutenant Nicholas Raine Rage
1%
68 Siegfried Schtauffen Soul Calibour
1%
No matching quizzes found
Score Distribution
Percent of People with Each Score
Percentile by Number Answered
Your Score History
You have not taken this quiz